| 000 | 00467cam a2200181ua 4500 | ||
|---|---|---|---|
| 020 | _cRs 2.00 | ||
| 041 |
_amal _h |
||
| 082 |
_a894.812 308 55 _bCHA/NE |
||
| 100 | _aChandrasekharan, C . | ||
| 245 |
_aNew York muthal Bangock vare / _cC Chandrasekharan. _hTextual Documents |
||
| 250 |
_a1 / _b. |
||
| 260 |
_aEranakulam : _bC I C C Book House , _c1966. |
||
| 300 | _a128 ; . | ||
| 365 | _aRs 2.00 | ||
| 504 | _a | ||
| 942 | _cBK | ||
| 999 |
_c4131 _d4131 |
||